Quizzes
Events
Quiz Creation
Community
Videos
Private Events
Remove Ads
Sign In
Join for FREE
Feedback
Dark Mode
Quiz Categories
Sports
Geography
Music
Movies
Television
Just For Fun
Miscellaneous
History
Literature
Language
Science
Gaming
Entertainment
Religion
Holiday
For Kids
Quiz Lab
Recent
Popular Today
Quiz Kudos Today
Editor Picks
Curator Picks
Quizzes by...
Day
Popularity
Type
Ratings
Length
Year
Community
Subscriptions
Recent Discussions
Orange Saloon
Badges
Playlists
Quests
Create
Leaderboards
Showdown
Live 5
Trivia Bingo
Activity
Puzzle Library
Sporcle Events
Private Events
Virtual Trivia
Globe League
Become a Host
Pub Owners
SporcleCon
Opinionation
Our Games
Videos
Blog
Mobile Apps
Partnerships
Remove Ads and Go Orange
Feedback
Just For Fun
Clickable
Get the Picture
Humor
Quick Pick
Word Ladder
Missing Word
Mixed Word
Blitz
Minefield
This or That
Alphabet
Color
Typing
Sporcle
Puzzle
Word Play
Follow That Line
Logic
Just For Fun
Clickable
Get the Picture
Humor
Quick Pick
Word Ladder
Missing Word
Mixed Word
Blitz
Minefield
This or That
Alphabet
Color
Typing
Sporcle
Puzzle
Word Play
Follow That Line
Logic
Random Quiz
Search Sporcle
×
Quiz Lab
Quiz Lab
Just For Fun
Typing
Type in answers that appear in a list
Type in answers that appear in a list
Classic
Best Score? Go Orange.
Teen Wolf Typing Challenge Stats
Teen Wolf Typing Challenge
By
stacksocal
90s
50 Questions
42.7K Plays
42,704 Plays
42,704 Plays
Comments
Comments
Give Quiz Kudos
Give Quiz Kudos
-
- Ratings
hide this ad
No Skip
Answers have to be entered in order without skipping
Answers have to be entered in order without skipping
Replay
Link that replays current quiz
Next Quiz
Link to next quiz in quiz playlist
You Got
0%
They Got
Avg Score
62%
Avg Friend Score
Upgrade to see
Score Distribution
Jump to the score distribution portion of the page
Score
0/50
Timer
01:30
0
Plays Today
Hint
Answer
% Correct
?
???
100%
?
???
96.5%
?
???
94.3%
?
???
93%
?
???
91.9%
?
???
90.2%
?
???
89.7%
?
???
89.4%
?
???
89%
?
???
88.6%
?
???
88%
?
???
87.1%
?
???
86.5%
?
???
86%
?
???
85.4%
?
???
84.9%
?
???
83.9%
?
???
83.3%
?
???
82.6%
?
???
80.2%
?
???
79.1%
?
???
78.1%
?
???
76.9%
?
???
74.7%
?
???
73.1%
Hint
Answer
% Correct
?
???
71.3%
?
???
70%
?
???
67.5%
?
???
65.5%
?
???
62.1%
?
???
59.1%
?
???
55.9%
?
???
54%
?
???
49.2%
?
???
46.3%
?
???
44%
?
???
40.3%
?
???
38.2%
?
???
36.6%
?
???
33.9%
?
???
32.2%
?
???
30%
?
???
26.9%
?
???
24.4%
?
???
20.1%
?
???
17%
?
???
15.7%
?
???
14%
?
???
12.7%
?
???
9.7%
Quiz Playlist
Details
Report
Send in Message
Add To Playlist
Classic:
Type in answers that appear in a list
No Skip:
Answers have to be entered in order without skipping
Last Updated: Sep 23, 2017
Quiz Scoreboard
CHALLENGE
Sign Up to Join the Scoreboard
Show All
Scores
Hide
Comments
May contain spoilers
Recently Published
Click the 1999 NBA Draft
by nibperrychub
Sports
2m
Alphabetical 'K' Countries by Flag Minefield
by ylime102
Geography
3m
Pick 6: Fruits
by JohnFran
Miscellaneous
15s
More to Explore
Quiz From the Vault
Featured Blog Post
15 Basketball Trivia Facts You Can Be March Mad About
hide this ad
You Might Also Like...
Tags
Typing Quiz
challenge
MTV
name
Related
teen
Teen Wolf
Wolf
Today's Top Quizzes in Just For Fun
Browse Just For Fun
hide this ad
Today's Top Quizzes in Typing
Browse Typing
Top Contributed Quizzes in Just For Fun
1
Seasons
2
Pick 6: Letters
3
Pick 6: Foods
4
Pick 6: Colors
5
Quick Pick: Spring Things
6
Four Seasons
7
Dragon Ball Z Logic Quiz
8
Just Another 1-25 Logic Puzzle
9
Minesweeper
10
Monopoly Spaces Logic Puzzle
Explore More
Trending Topics
Anime
Marvel
Crossword
Disney
Harry Potter
Kpop
NBA
Country
WWE
Soccer
Puzzle
Pokémon
The Office
Song
NFL
hide this ad
More By:
stacksocal
Quiz
Plays
Rating
Category
Featured
Created
Teen Wolf Typing Challenge
42,704
4.50
Just For Fun
Nov 28, 2013
Teen Wolf Typing Challenge II
10,111
4.63
Just For Fun
Feb 20, 2014
Popular Teen Favorite Singers
789
3.00
Music
Nov 25, 2013
Go to Creator's Profile
Score Distribution
Quiz Creator Spotlight
stacksocal
Follow
Send a Message
Quizzes Created
-
Created Quiz Play Count
-
More By This Creator
Popular Quizzes Today
1
Countries of Asia Without Outlines Minefield
2
Find the US States - No Outlines Minefield
3
Pick 6: Fruits
4
Alphabetical 'K' Countries by Flag Minefield
5
The Countries of the World
6
Find the US States
7
Find the Countries of Europe - No Outlines Minefield
8
US States
More Just For Fun Quizzes
Get the Picture: Patrick Henry or Patrick Star?
Published
Trending Quizzes
Pick 6: Mountains
Pick 6: Harry Potter
Pick 6: Flags
Pick 6: NFL Teams
Pick 6: Movie Franchises
Recently Updated
NWSL Teams
pecheneg
Women's Final Four Teams by Year
bhenderson79
Presidents Quartet II
eogle
Anything But Clue(do)
eogle
Anything But Oceanian Capitals
eogle
Anything But 7
eogle
Anything But Thing
eogle
Word Ladder: February 29
pecheneg
Song Title Questions
pecheneg
Women's NCAA Tournament #1 Seeds
pecheneg
Trending Topics
NBA
Harry Potter
Kpop
Disney
Crossword
Anime
Marvel
Pokémon
Country
The Office
Song
Soccer
WWE
NFL
Puzzle
Your Account Isn't Verified!
In order to create a playlist on Sporcle, you need to verify the email address you used during registration. Go to your
Sporcle Settings
to finish the process.
Report this User
Report this user for behavior that violates our
Community Guidelines
.
Details:
Send Report
Go to the Sporcle.com Mobile Site →
Comments